000 00448nam a2200181 4500
003 LK-CoMWRAF
005 20230908100145.0
008 230908b2000 |||||||| |||| 00| 0 eng d
020 _a038572084X
040 _aLK-CoMWRAF
_dLK-CoMWRAF
_eLK-CoMWRAF
041 _aeng
082 _a823
_bATW
100 _aAtwood, Margaret
245 _aThe Blind assassin
260 _aNew York :
_bRandom house,
_c2000
650 _aEnglish Fiction
942 _cBK
999 _c3475
_d3475